| 000 | 00377nam a2200157Ia 4500 | ||
|---|---|---|---|
| 003 | OSt | ||
| 005 | 20240329111539.0 | ||
| 008 | 170524s9999 xx 000 0 und d | ||
| 020 | _a978-0333792971 | ||
| 040 | _ciimtu meerut | ||
| 100 | _aRAFIQ- M- VARLEY | ||
| 100 | _c2005 | ||
| 245 | 0 | _aPRINCIPLES OF RETAIL MANAGEMENT | |
| 260 | _aPALGROVE AND MAC MILLAN | ||
| 942 |
_2ddc _c02 |
||
| 999 |
_c2221 _d2221 |
||